| 000 | 00000nam 2200000zi 4500 |
| 001 | 9.945467 |
| 003 | CaOODSP |
| 005 | 20250110072757 |
| 006 | m o d f |
| 007 | cr mn||||||||| |
| 008 | 241122e20241108onc ob f000 0 fre d |
| 040 | |aCaOODSP|bfre|erda|cCaOODSP |
| 043 | |an-cn--- |
| 045 | |ay2y2 |
| 086 | 1 |aYN5-292/2024F-PDF |
| 245 | 00|aRéseau de pipelines Trans Mountain - rapport de 2024. |
| 264 | 1|a[Ottawa] : |bBureau du Directeur parlementaire du budget = Office of the Parliamentary Budget Officer, |c8 novembre 2024. |
| 264 | 4|c©2024 |
| 300 | |a1 ressource en ligne (11 pages) |
| 336 | |atexte|btxt|2rdacontent/fre |
| 337 | |ainformatique|bc|2rdamedia/fre |
| 338 | |aressource en ligne|bcr|2rdacarrier/fre |
| 500 | |aPublié aussi en anglais sous le titre : Trans Mountain Pipeline - 2024 report. |
| 500 | |a« RP-2425-021-S_f » -- Couverture arrière. |
| 500 | |a« T_RP_3.1.0f » -- Couverture arrière. |
| 504 | |aComprend des références bibliographiques. |
| 520 | |a« Le directeur parlementaire du budget (DPB) appuie le Parlement en fournissant des analyses économiques et financières dans le but d'améliorer la qualité des débats parlementaires et de promouvoir une plus grande transparence et responsabilité en matière budgétaire. En juin 2022, le DPB a publié un rapport d'évaluation sur la décision que le gouvernement du Canada a prise en 2018 d'acquérir, d'agrandir, d'exploiter puis éventuellement de céder les actifs du réseau de pipelines Trans Mountain. Étant donné que le Projet d'agrandissement du réseau de Trans Mountain a commencé ses activités commerciales le 1er mai 2024, le présent rapport fournit l'évaluation à jour de la valeur financière des actifs du réseau de pipelines Trans Mountain, ainsi que l'estimation de la sensibilité de leur valeur à plusieurs facteurs clés » -- Verso de la couverture. |
| 650 | 6|aPétrole|xPipelines|xÉvaluation|zCanada. |
| 650 | 6|aProduits pétroliers|xPipelines|xÉvaluation|zCanada. |
| 710 | 1 |aCanada. |bBureau du Directeur parlementaire du budget, |eorganisme de publication. |
| 775 | 08|tTrans Mountain Pipeline - 2024 report.|w(CaOODSP)9.945299 |
| 856 | 40|qPDF|s6.75 Mo|uhttps://publications.gc.ca/collections/collection_2024/dpb-pbo/YN5-292-2024-fra.pdf |
| 856 | 4 |qHTML|sS.O.|uhttps://www.pbo-dpb.ca/fr/publications/RP-2425-021-S--trans-mountain-pipeline-2024-report--reseau-pipelines-trans-mountain-rapport-2024 |